| 000 | 00431nam a2200181Ia 4500 | ||
|---|---|---|---|
| 008 | 170918s9999 xx 000 0 und d | ||
| 020 | _a9780545833530 | ||
| 050 | _bV161 2014 | ||
| 100 | _aValentino, Serena | ||
| 245 | 4 | _aThe beast within / | |
| 245 | _cby Serena Valentino. | ||
| 260 | _aNew York : | ||
| 260 | _bScholastic, | ||
| 260 | _c2014 | ||
| 300 | _a215 pages : | ||
| 300 | _billustrations ; | ||
| 300 | _c19cm. | ||
| 999 |
_c343811 _d343811 |
||